<?xml version="1.0" encoding="UTF-8"?><?xml-stylesheet type="text/xsl" href="static/style.xsl"?><OAI-PMH xmlns="http://www.openarchives.org/OAI/2.0/" xmlns:xsi="http://www.w3.org/2001/XMLSchema-instance" xsi:schemaLocation="http://www.openarchives.org/OAI/2.0/ http://www.openarchives.org/OAI/2.0/OAI-PMH.xsd"><responseDate>2026-06-01T22:18:55Z</responseDate><request verb="GetRecord" identifier="oai:riuma.uma.es:10630/12565" metadataPrefix="marc">https://riuma.uma.es/rest/oai/request</request><GetRecord><record><header><identifier>oai:riuma.uma.es:10630/12565</identifier><datestamp>2026-02-03T11:59:34Z</datestamp><setSpec>com_10630_2254</setSpec><setSpec>col_10630_37959</setSpec></header><metadata><record xmlns="http://www.loc.gov/MARC21/slim" xmlns:dcterms="http://purl.org/dc/terms/" xmlns:doc="http://www.lyncode.com/xoai" xmlns:xsi="http://www.w3.org/2001/XMLSchema-instance" xsi:schemaLocation="http://www.loc.gov/MARC21/slim http://www.loc.gov/standards/marcxml/schema/MARC21slim.xsd">
   <leader>00925njm 22002777a 4500</leader>
   <datafield ind2=" " ind1=" " tag="042">
      <subfield code="a">dc</subfield>
   </datafield>
   <datafield ind2=" " ind1=" " tag="720">
      <subfield code="a">López-Narbona, Ana María</subfield>
      <subfield code="e">author</subfield>
   </datafield>
   <datafield ind2=" " ind1=" " tag="260">
      <subfield code="c">2016-12-12</subfield>
   </datafield>
   <datafield ind2=" " ind1=" " tag="520">
      <subfield code="a">La felicidad es una aspiración humana universal. Su naturaleza es subjetiva y su carácter emocional, de ahí las dificultades para su comprensión y medición. La felicidad es un proceso emocional y a la vez cognitivo de construcción del cuerpo y/o de la identidad donde la felicidad es a su vez construida, en este sentido, es una emoción performativa interrelacional fundida en el cuerpo, fusionada con la mente y el espíritu y sincronizada con la acción. Esta investigación pretende entender la composición de las experiencias felices así como la relación entre las actividades o acciones que nos caracterizan y las experiencias felices a que dan lugar. ¿Qué es la felicidad?, ¿cómo la medimos?, ¿cuáles son sus componentes? y ¿qué determina lo felices que somos? Los datos se han obtenido del WVS (2010-2014) y del ESS (2014).</subfield>
   </datafield>
   <datafield ind1="8" ind2=" " tag="024">
      <subfield code="a">http://hdl.handle.net/10630/12565</subfield>
   </datafield>
   <datafield tag="653" ind2=" " ind1=" ">
      <subfield code="a">Felicidad</subfield>
   </datafield>
   <datafield ind2="0" ind1="0" tag="245">
      <subfield code="a">La felicidad como proceso performativo emocional y cognitivo</subfield>
   </datafield>
</record>
</metadata></record></GetRecord></OAI-PMH>